000 00333nam a2200133Ia 4500
008 240624s9999 xx 000 0 und d
041 _aeng
082 _a658.83 KUM
100 _aKUMAR V
245 _aINTERNATIONAL MARKETING RESEARCH
260 _c2003
_aNew Delhi
_bPrentice-Hall
300 _axxx, : 448 : p. : cm. ; 24
365 _cRS
999 _c370
_d370